Синтез азотсодержащих гетероциклов на основе 3-арил(алкил)амино-1,4-нафтохинон-4-оксимов: автореферат диссертации на соискание ученой степени кандидата химических наук; спец. 1.4.3

Dettagli Bibliografici
Autore principale: Руденко Д. С. Дарья Сергеевна
Ente Autore: Красноярский государственный педагогический университет им. В. П. Астафьева (570)
Altri autori: Горностаев Л. М. Леонид Михайлович (научный руководитель)
Riassunto:Защита сост. 17.12.2024
На правах рукописи
Lingua:russo
Pubblicazione: Томск, 2024
Soggetti:
Natura: MixedMaterials Libro
KOHA link:https://koha.lib.tpu.ru/cgi-bin/koha/opac-detail.pl?biblionumber=676516

MARC

LEADER 00000nam0a2200000 4500
001 676516
005 20241125113349.0
090 |a 676516 
100 |a 20241111d2024 k||y0rusy50 ca 
101 0 |a rus 
102 |a RU 
105 |a a dm 001yy 
181 0 |a i   |b  e  
182 0 |a n 
183 0 |a nc  |2 RDAcarrier 
200 1 |a Синтез азотсодержащих гетероциклов на основе 3-арил(алкил)амино-1,4-нафтохинон-4-оксимов  |e автореферат диссертации на соискание ученой степени кандидата химических наук  |e спец. 1.4.3  |f Руденко Дарья Сергеевна  |g науч. рук. Л. М. Горностаев ; Красноярский государственный педагогический университет 
203 |a Текст  |b визуальный  |c непосредственный 
210 1 |a Томск  |d 2024 
215 |a 23 с.  |c ил. 
283 |a volume  |2 RDAcarrier 
300 |a Защита сост. 17.12.2024 
320 |a Основное содержание работы отражено в следующих публикациях: с. 19-23 (15 назв.) 
333 |a На правах рукописи 
452 1 |0 675968  |9 675968  |a Руденко, Дарья Сергеевна  |t Синтез азотсодержащих гетероциклов на основе 3-арил(алкил)амино-1,4-нафтохинон-4-оксимов  |o автореферат диссертации на соискание ученой степени кандидата химических наук  |o спец. 1.4.3  |f Руденко Дарья Сергеевна  |g науч. рук. Л. М. Горностаев ; Красноярский государственный педагогический университет им. В. П. Астафьева  |c Томск  |d 2024  |p 24 с. 
606 1 |a Гетероциклические соединения, азотсодержащие  |x Химия  |9 87796 
610 1 |a хиноны 
610 1 |a лекарственные препараты 
610 1 |a гетероциклы 
610 1 |a азотсодержащие соединения 
610 1 |a 1,4-нафтохинон 
610 1 |a оксимирование 
610 1 |a таутомерия 
610 1 |a авторефераты диссертаций 
675 |a 547.74(04)  |v 4 
686 |2 oksvnk  |a 02.00.03 
700 1 |a Руденко  |b Д. С.  |g Дарья Сергеевна 
702 1 |4 727  |a Горностаев  |b Л. М.  |g Леонид Михайлович 
712 0 2 |a Красноярский государственный педагогический университет им. В. П. Астафьева  |c (1993- )  |4 570  |9 23656 
801 0 |a RU  |b 63413507  |c 20241111 
942 |c BK